000 00692cab a2200265 4500
001 X1307
008 090401t1994 xxu||||| |||| 00| 0 eng d
035 _a(Sirsi) u16116
041 _aeng
245 _aPrivate finance plan is stuck in first gear
260 _c1994
350 _a0
490 _aCSM (Chartered Surveyor Monthly)
_v3(6) March 1994, 4(1)
650 _aCONSULATION PAPER
650 _aFINANCING
650 _aJOINT VENTURES
650 _aPRIVATE FINANCE INITIATIVE
650 _aPRIVATE SECTOR
650 _aPUBLIC SECTOR
650 _aRICS
650 _aTENDERING
690 _aPROPERTY-PROPERTY FINANCE AND INVESTMENT
942 _n0
948 _c04/03/1997
999 _c10596
_d10596